Quizzes
Events
Quiz Creation
Community
Videos
Private Events
Remove Ads
Sign In
Join for FREE
Feedback
Dark Mode
Quiz Categories
Sports
Geography
Music
Movies
Television
Just For Fun
Miscellaneous
History
Literature
Language
Science
Gaming
Entertainment
Religion
Holiday
For Kids
Quiz Lab
Recent
Popular Today
Quiz Kudos Today
Editor Picks
Curator Picks
Quizzes by...
Day
Popularity
Type
Ratings
Length
Year
Community
Subscriptions
Recent Discussions
Orange Saloon
Badges
Playlists
Quests
Create
Leaderboards
Showdown
Live 5
Trivia Bingo
Activity
Puzzle Library
Sporcle Events
Private Events
Virtual Trivia
Globe League
Become a Host
Pub Owners
SporcleCon
Opinionation
Our Games
Videos
Blog
Mobile Apps
Partnerships
Remove Ads and Go Orange
Feedback
Entertainment
Celebrity
Famous
Musical
Broadway
Show
Quote
Comic Books
Anime
Superhero
DC Comics
Marvel
Cartoons
Animation
Entertainment
Celebrity
Famous
Musical
Broadway
Show
Quote
Comic Books
Anime
Superhero
DC Comics
Marvel
Cartoons
Animation
Random Quiz
Search Sporcle
×
Quiz Lab
Quiz Lab
Entertainment
Oscar
Type in answers that appear in a list
Type in answers that appear in a list
Classic
Best Score? Go Orange.
Best Picture by Super Bowl Loser (grouped) Stats
Can you name the Best Picture by Super Bowl Loser?
By
weedlayer
10m
47 Questions
55 Plays
55 Plays
55 Plays
Comments
Comments
Give Quiz Kudos
Give Quiz Kudos
-
- Ratings
hide this ad
More Info
Replay
Link that replays current quiz
Next Quiz
Link to next quiz in quiz playlist
You Got
0%
They Got
Avg Score
54%
Avg Friend Score
Upgrade to see
Score Distribution
Jump to the score distribution portion of the page
Score
0/47
Timer
10:00
0
Plays Today
Team
Best Picture
% Correct
San Francisco 49ers
Argo
100%
Green Bay Packers
Titanic
83.3%
New England Patriots
The Artist
80%
Arizona Cardinals
Slumdog Millionaire
75.9%
New England Patriots
No Country for Old Men
75.9%
Washington Redskins
The Godfather
75.9%
Minnesota Vikings
The Godfather Part II
72.2%
Buffalo Bills
Dances with Wolves
70.4%
New England Patriots
The English Patient
70.4%
Atlanta Falcons
Shakespeare in Love
68.5%
Buffalo Bills
Schindler's List
68.5%
Chicago Bears
The Departed
68.5%
Colts
The Hurt Locker
68.5%
Buffalo Bills
Unforgiven
66.7%
Minnesota Vikings
The Sting
66.7%
Minnesota Vikings
Midnight Cowboy
64.8%
Buffalo Bills
The Silence of the Lambs
63%
Carolina Panthers
The Lord of the Rings: The Return of the King
63%
Cincinnati Bengals
Chariots of Fire
61.1%
Cincinnati Bengals
Rain Man
61.1%
Minnesota Vikings
Rocky
61.1%
New England Patriots
Out of Africa
61.1%
San Diego Chargers
Forrest Gump
55.6%
Colts
Oliver!
53.7%
Team
Best Picture
% Correct
New York Giants
Gladiator
53.7%
Oakland Raiders
Chicago
53.7%
Denver Broncos
Driving Miss Daisy
51.9%
Seattle Seahawks
Crash
51.9%
Dallas Cowboys
Patton
50%
Tennessee Titans
American Beauty
50%
Dallas Cowboys
The Deer Hunter
48.1%
Denver Broncos
Annie Hall
48.1%
Pittsburgh Steelers
The King's Speech
48.1%
Rams
Kramer vs. Kramer
48.1%
Rams
A Beautiful Mind
48.1%
Miami Dolphins
Amadeus
46.3%
Dallas Cowboys
One Flew Over the Cuckoo's Nest
44.4%
Kansas City Chiefs
A Man for All Seasons
44.4%
Miami Dolphins
The French Connection
44.4%
Pittsburgh Steelers
Braveheart
44.4%
Philadelphia Eagles
Ordinary People
42.6%
Denver Broncos
The Last Emperor
40.7%
Philadelphia Eagles
Million Dollar Baby
40.7%
Denver Broncos
Platoon
38.9%
Oakland Raiders
In the Heat of the Night
38.9%
Washington Redskins
Terms of Endearment
38.9%
Miami Dolphins
Gandhi
35.2%
Quiz Playlist
Details
Report
Send in Message
Add To Playlist
More Info:
***YEAR WON/LOST IS THE YEAR AFTER THE MOVIE AND NFL SEASONS***
Classic:
Type in answers that appear in a list
Quiz Source
Last Updated: Feb 16, 2017
Quiz Scoreboard
CHALLENGE
Sign Up to Join the Scoreboard
Show All
Scores
Hide
Comments
May contain spoilers
Recently Published
One Thing in Common: World Cities II
by knightlancer
Geography
7m
Popular People in 1961
by mucciniale
History
6m
1-10 Letter E Words III
by El_Dandy
Language
2m
More to Explore
Quiz From the Vault
Featured Blog Post
Where Did the Easter Bunny Come From?
hide this ad
You Might Also Like...
Tags
Best Picture Quiz
Oscar Quiz
Academy
Loser
Super Bowl
Today's Top Quizzes in Entertainment
Browse Entertainment
hide this ad
Today's Top Quizzes in Oscar
Browse Oscar
Top Contributed Quizzes in Entertainment
1
Kamen Rider Motifs
2
Dragon Ball Z: Mega Character Search
3
Undead Unluck Minefield
4
Dragon Ball Z: Goku's Fights in Order
5
Survivor Winners Logic Quiz
6
Who Wants to Be a Millionaire: Anime Edition
7
10-to-1 Anime Arc Sorting Gallery
8
Criteria Quickie: Cartoon Taxonomy II
9
Ana Gasteyer or Kathryn Hahn?
10
One Piece 11-1
Explore More
Trending Topics
Marvel
Anime
Crossword
Disney
Kpop
Harry Potter
NBA
Song
Country
Pokémon
The Office
Puzzle
NFL
WWE
Soccer
hide this ad
More By:
weedlayer
Quiz
Plays
Rating
Category
Featured
Created
2014 Green Bay Packers' Roster Updated 1/16/2015
9,224
4.00
Sports
Mar 26, 2010
The Official Cities of England by County
533
5.00
Geography
Feb 12, 2011
The Alamo
296
History
Mar 23, 2011
2010 Pittsburgh Steelers roster updated.
253
Sports
Jan 26, 2011
Packers' with over 100 games since 1990
251
4.00
Sports
Nov 8, 2011
Go to Creator's Profile
Score Distribution
Quiz Creator Spotlight
weedlayer
Follow
Send a Message
Quizzes Created
-
Created Quiz Play Count
-
More By This Creator
Popular Quizzes Today
1
Find the US States - No Outlines Minefield
2
The Countries of the World
3
Popular People in 1961
4
Find the Countries of Europe - No Outlines Minefield
5
1-10 Letter E Words III
6
Find the US States
7
US States
8
One Thing in Common: World Cities II
More Entertainment Quizzes
Brunette Cartoon Characters
Published
Trending Quizzes
Country Music Stars Doing Things
Get the Picture: Carrie or Dolly
1-10 Letter F Words
1-10 Letter G Words
Risky Map Clicking: Next State Alphabetically
Recently Updated
Leaping Animals
pecheneg
Reality TV Shows (A-Z)
bhenderson79
Rickey Henderson's Hall of Fame Teammates
pecheneg
Champions League XIs: Arsenal
pecheneg
Quick Pick: Celebrities in WWE's Hall of Fame
aduchscher
A-Z Keypad Blitz II
pecheneg
Multiple Oscar Actors
pecheneg
Mystery Phrase Blitz: Oscar 'Best Actors'
pecheneg
F. Scott Fitzgerald Novels
LTH
Pick 3 Villains
ddd62291
Trending Topics
Marvel
Harry Potter
Crossword
Disney
Kpop
Anime
NBA
Puzzle
The Office
Pokémon
Soccer
Song
NFL
Country
WWE
Your Account Isn't Verified!
In order to create a playlist on Sporcle, you need to verify the email address you used during registration. Go to your
Sporcle Settings
to finish the process.
Report this User
Report this user for behavior that violates our
Community Guidelines
.
Details:
Send Report
Go to the Sporcle.com Mobile Site →
Comments